000 00572nam a2200205Ia 4500
008 240510s9999 xx 000 0 und d
020 _a013260969X
041 _aEng
082 _a004.62
082 _bC55
100 _aCOMER D.E. & STEVENS D.L.
245 0 _aINTERNETWORKING WITH TCP/IP : VOLUME lll : CLIENT-SERVER PROGRAMMING AND APPLICATIONS - BSD SOCKET VERSION WITH ANSI C
250 _a2nd ed.
260 _bNEW JERSY : PRENTICE HALL
260 _c1996
300 _a519 p.
650 _aTCP/IP : PROTOCOLS : STANDARDS
942 _2ddc
942 _cLBK
999 _c24718
_d24718
945 _a1
_bMadushi Gamage
_c1
_dMadushi Gamage